<?xml version="1.0" encoding="UTF-8"?>
<collection xmlns="http://www.loc.gov/MARC21/slim">
 <record>
  <leader>00558nab a2200157 i 4500</leader>
  <controlfield tag="001">delm141466</controlfield>
  <controlfield tag="005">20200207153054.0</controlfield>
  <controlfield tag="008">200207s2009    hu      o     0||   hun d</controlfield>
  <datafield tag="040" ind1=" " ind2=" ">
   <subfield code="a">SZTE Délmagyarország Archívum</subfield>
   <subfield code="b">hun</subfield>
  </datafield>
  <datafield tag="041" ind1=" " ind2=" ">
   <subfield code="a">hun</subfield>
  </datafield>
  <datafield tag="100" ind1="1" ind2=" ">
   <subfield code="a">Horváth Levente</subfield>
  </datafield>
  <datafield tag="245" ind1="1" ind2="0">
   <subfield code="a">Harminc éve képviseli Móravárost </subfield>
   <subfield code="h">[elektronikus dokumentum] :</subfield>
   <subfield code="b">a lakók 70-80 sázaléka rá szavaz? /</subfield>
   <subfield code="c"> Horváth Levente</subfield>
  </datafield>
  <datafield tag="260" ind1=" " ind2=" ">
   <subfield code="c">2009-03-26</subfield>
  </datafield>
  <datafield tag="300" ind1=" " ind2=" ">
   <subfield code="a">4</subfield>
  </datafield>
  <datafield tag="490" ind1="0" ind2=" ">
   <subfield code="a">Délmagyarország</subfield>
   <subfield code="v">99 No. 72</subfield>
  </datafield>
  <datafield tag="695" ind1=" " ind2=" ">
   <subfield code="a">Katona Gyula, Szeged, Önkormányzati képviselő Szeged - Móraváros</subfield>
  </datafield>
 </record>
</collection>
